LEADER 01951oam 2200505M 450 001 9910715828903321 005 20191123062430.9 035 $a(CKB)5470000002515798 035 $a(OCoLC)1062806621 035 $a(OCoLC)995470000002515798 035 $a(EXLCZ)995470000002515798 100 $a20070221d1862 ua 0 101 0 $aeng 135 $aurcn||||||||| 181 $ctxt$2rdacontent 182 $cc$2rdamedia 183 $acr$2rdacarrier 200 10$aByington vs. Vandever. Additional papers by the contestant in the Iowa contested election case of Byington vs. Vandever. February 5, 1862. -- Referred to the Committee of Elections, and ordered to be printed 210 1$a[Washington, D.C.] :$c[U.S. Government Printing Office],$d1862. 215 $a1 online resource (9 pages) 225 1 $aMis. doc. / 37th Congress, 2nd session. House ;$vno. 37 225 1 $a[United States congressional serial set ] ;$v[serial no. 1141] 300 $aBatch processed record: Metadata reviewed, not verified. Some fields updated by batch processes. 300 $aFDLP item number not assigned. 606 $aElections$zUnited States 606 $aContested elections 606 $aElection law 606 $aLegislators$zUnited States 606 $aArmed Forces$xOfficers 606 $aConstitutional law 608 $aLegislative materials.$2lcgft 615 0$aElections 615 0$aContested elections. 615 0$aElection law. 615 0$aLegislators 615 0$aArmed Forces$xOfficers. 615 0$aConstitutional law. 801 0$bWYU 801 1$bWYU 801 2$bOCLCO 801 2$bOCLCQ 906 $aBOOK 912 $a9910715828903321 996 $aByington vs. Vandever. Additional papers by the contestant in the Iowa contested election case of Byington vs. Vandever. February 5, 1862. -- Referred to the Committee of Elections, and ordered to be printed$93301444 997 $aUNINA LEADER 04067nam 22007815 450 001 996492068403316 005 20221004111318.0 010 $a3-8394-6210-X 024 7 $a10.1515/9783839462102 035 $a(CKB)5670000000386890 035 $a(DE-B1597)624252 035 $a(DE-B1597)9783839462102 035 $a(NjHacI)995670000000386890 035 $a(OCoLC)1346260532 035 $a(MiAaPQ)EBC30469263 035 $a(Au-PeEL)EBL30469263 035 $a(EXLCZ)995670000000386890 100 $a20221004h20222022 fg 101 0 $ager 135 $aur||||||||||| 181 $ctxt$2rdacontent 182 $cc$2rdamedia 183 $acr$2rdacarrier 200 00$aKalibrierung der Wissenschaft $eAuswirkungen der Digitalisierung auf die wissenschaftliche Erkenntnis /$fhrsg. von Klaus Erlach, Nicola Mößner 205 $a1st ed. 210 1$aBielefeld : $ctranscript Verlag, $d[2022] 210 4$d©2022 215 $a1 online resource (212 p.) 225 0 $aScience Studies 311 $a3-8376-6210-1 320 $aIncludes bibliographical references. 327 $tFrontmatter -- $tInhalt -- $tErkenntnis und Interesse in der digitalisierten Wissenschaftskommunikation -- $tTeil I: Datafizierung ? Wissensgenerierung -- $tGesellschaftliche Erwartungen an »Big Data« in der Wissenschaft -- $tAlgorithmen verstehen es einfach nicht -- $tTeil II: Publizierung ? Wissenskommunikation -- $tOpen Access -- $tWissenschaft in ?Unordnung?? -- $tTeil III: Metrisierung ? Wissensbewertung -- $tWer bewertet mit welchen Interessen wissenschaftliche Publikationen? -- $tDie Vermessbarkeit der Wissenschaft -- $tDie Industrialisierung des Wissenschaftsbetriebs -- $tAutorinnen und Autoren 330 $aWie wird Wissen aus den Weiten des digitalen Raums herausgefiltert? Wie wird es generiert und evaluiert? Was wird als Wissen verfügbar gemacht - und was nicht? Die Beiträger*innen des Bandes widmen sich diesen Fragen und untersuchen die Auswirkungen der zunehmenden Digitalisierung auf die Erzeugung, Auswahl und Bewertung wissenschaftlicher Erkenntnis unter den Aspekten der Datafizierung, Publizierung und Metrisierung. Sie bringen Expertisen aus der Philosophie, Informatik, Informations- und Bibliothekswissenschaft ein und reflektieren in kritischer und konstruktiver Weise die Gestaltung und Folgen der digitalisierten Wissenschaftspraxis. 410 0$aScience studies (Bielefeld, Germany) 606 $aSOCIAL SCIENCE / Sociology / General$2bisacsh 610 $aBig Data. 610 $aDatabase. 610 $aDigital Media. 610 $aEvaluation. 610 $aKnowledge. 610 $aOpen Access. 610 $aOpen Science. 610 $aPhilosophy of Science. 610 $aResearch Data. 610 $aScience. 610 $aSociology of Science. 610 $aSociology of Technology. 610 $aTechnology. 610 $aTrust. 615 7$aSOCIAL SCIENCE / Sociology / General. 676 $a502.85 686 $aAK 26600$qDE-Ofb1/22$2rvk 702 $aDrößler$b Stefan, $4ctb$4https://id.loc.gov/vocabulary/relators/ctb 702 $aErlach$b Klaus, $4ctb$4https://id.loc.gov/vocabulary/relators/ctb 702 $aErlach$b Klaus, $4edt$4http://id.loc.gov/vocabulary/relators/edt 702 $aGelfert$b Axel, $4ctb$4https://id.loc.gov/vocabulary/relators/ctb 702 $aGransche$b Bruno, $4ctb$4https://id.loc.gov/vocabulary/relators/ctb 702 $aHolzer$b Angela, $4ctb$4https://id.loc.gov/vocabulary/relators/ctb 702 $aMößner$b Nicola, $4ctb$4https://id.loc.gov/vocabulary/relators/ctb 702 $aMößner$b Nicola, $4edt$4http://id.loc.gov/vocabulary/relators/edt 702 $aRetzlaff$b Eric, $4ctb$4https://id.loc.gov/vocabulary/relators/ctb 712 02$aTechnische Informationsbibliothek Hannover$4fnd$4http://id.loc.gov/vocabulary/relators/fnd 801 0$bDE-B1597 801 1$bDE-B1597 906 $aBOOK 912 $a996492068403316 996 $aKalibrierung der Wissenschaft$92950965 997 $aUNISA LEADER 03793nam 2200805 a 450 001 9910778088103321 005 20230721021726.0 010 $a9786612351839 010 $a1-282-35183-4 010 $a0-300-15565-4 010 $a1-282-08861-0 010 $a9786612088612 024 7 $a10.12987/9780300155655 035 $a(CKB)1000000000764783 035 $a(EBL)3420521 035 $a(SSID)ssj0000158008 035 $a(PQKBManifestationID)11160947 035 $a(PQKBTitleCode)TC0000158008 035 $a(PQKBWorkID)10144549 035 $a(PQKB)10240422 035 $a(MiAaPQ)EBC3420521 035 $a(DE-B1597)485388 035 $a(OCoLC)1023998417 035 $a(OCoLC)1029814178 035 $a(OCoLC)1032676968 035 $a(OCoLC)1037968274 035 $a(OCoLC)1041990204 035 $a(OCoLC)1046603763 035 $a(OCoLC)1047001034 035 $a(OCoLC)1049624025 035 $a(OCoLC)1054867576 035 $a(DE-B1597)9780300155655 035 $a(MiAaPQ)EBC5292503 035 $a(Au-PeEL)EBL3420521 035 $a(CaPaEBR)ebr10348415 035 $a(CaONFJC)MIL235183 035 $a(OCoLC)923594114 035 $a(Au-PeEL)EBL5292503 035 $a(CaONFJC)MIL208861 035 $a(OCoLC)1028948650 035 $a(EXLCZ)991000000000764783 100 $a20080821d2009 uy 0 101 0 $aeng 135 $aur|n|---||||| 181 $ctxt 182 $cc 183 $acr 200 10$aFrankly, my dear$b[electronic resource] $eGone with the wind revisited /$fMolly Haskell 210 $aNew Haven [Conn.] $cYale University Press$dc2009 215 $a1 online resource (273 p.) 225 1 $aIcons of America 300 $aSeries statement from back jacket flap. 311 $a0-300-11752-3 320 $aIncludes bibliographical references (p. 229-231) and index. 327 $aThe American Bible -- Boldness and desperation -- Finding the road to ladyhood hard -- E pluribus unum -- Beautiful dreamers. 330 $aHow and why has the saga of Scarlett O'Hara kept such a tenacious hold on our national imagination for almost three-quarters of a century? In the first book ever to deal simultaneously with Margaret Mitchell's beloved novel and David Selznick's spectacular film version of Gone with the Wind, film critic Molly Haskell seeks the answers. By all industry predictions, the film should never have worked. What makes it work so amazingly well are the fascinating and uncompromising personalities that Haskell dissects here: Margaret Mitchell, David Selznick, and Vivien Leigh. As a feminist and onetime Southern adolescent, Haskell understands how the story takes on different shades of meaning according to the age and eye of the beholder. She explores how it has kept its edge because of Margaret Mitchell's (and our) ambivalence about Scarlett and because of the complex racial and sexual attitudes embedded in a story that at one time or another has offended almost everyone.Haskell imaginatively weaves together disparate strands, conducting her story as her own inner debate between enchantment and disenchantment. Sensitive to the ways in which history and cinema intersect, she reminds us why these characters, so riveting to Depression audiences, continue to fascinate 70 years later. 410 0$aIcons of America. 606 $aMitchell, Margaret 606 $aPERFORMING ARTS / Film & Video / History & Criticism$2bisacsh 615 0$aMitchell, Margaret. 615 7$aPERFORMING ARTS / Film & Video / History & Criticism. 676 $a791.43/72 700 $aHaskell$b Molly$01136487 801 0$bMiAaPQ 801 1$bMiAaPQ 801 2$bMiAaPQ 906 $aBOOK 912 $a9910778088103321 996 $aFrankly, my dear$93827770 997 $aUNINA